000 00303nam a22001337a 4500
008 190305b xxu||||| |||| 00| 0 eng d
020 _a9788518904189
041 _aeng
080 _210th
_a371
100 _a46
101 _aEDU
245 _aFoundations of Education
_cOrnstein,A.C
942 _2udc
_cBK
999 _c54583
_d54583